Viajeros del conocimiento. (Record no. 59515)

MARC details
000 -LEADER
fixed length control field 01324nam a22003137a 4500
005 - DATE AND TIME OF LATEST TRANSACTION
control field 20230904074428.0
008 - FIXED-LENGTH DATA ELEMENTS--GENERAL INFORMATION
fixed length control field 230608b sp |||||||| |||| 00| 0 spa d
020 ## - INTERNATIONAL STANDARD BOOK NUMBER
International Standard Book Number 9707190043 (V.2)
020 ## - INTERNATIONAL STANDARD BOOK NUMBER
International Standard Book Number 9707190108 (V.4)
020 ## - INTERNATIONAL STANDARD BOOK NUMBER
International Standard Book Number 9707190086 (V.6)
020 ## - INTERNATIONAL STANDARD BOOK NUMBER
International Standard Book Number 9707190027 (V.8)
020 ## - INTERNATIONAL STANDARD BOOK NUMBER
International Standard Book Number 970719006X (V.10)
050 04 - LIBRARY OF CONGRESS CALL NUMBER
Classification number PN137
Item number V53 1994
245 00 - TITLE STATEMENT
Title Viajeros del conocimiento.
250 ## - EDITION STATEMENT
Edition statement 2a ed.
260 ## - PUBLICATION, DISTRIBUTION, ETC. (IMPRINT)
Place of publication, distribution, etc México :
Name of publisher, distributor, etc Pangea Editores,
Date of publication, distribution, etc 1994.
300 ## - PHYSICAL DESCRIPTION
Extent V. :
Other physical details il. ;
Dimensions 21 cm.
500 ## - GENERAL NOTE
General note Incluye índice
505 1# - FORMATTED CONTENTS NOTE
Title V.2 El arquitecto del cosmos : Johannes Kepler / Rafael Martínez -- V.4 El hombre de la torre inclinada : Galileo Galilei / Irene cruz González Nosnik, Elsa Recillas. -- V.6 El maestro de lo infinitamente pequeño : John Dalton / José Antonio Chamizo. -- V.8 El principe del conocimiento : Georges Louis de Buffon / Ariel Rojo. -- V.10 El renovador involuntario : Nicolás Copernico / Sergio de Régules.
650 #7 - SUBJECT ADDED ENTRY--TOPICAL TERM
Topical term or geographic name as entry element Literatura
Source of heading or term lemb
General subdivision Ficción
700 1# - ADDED ENTRY--PERSONAL NAME
Personal name Martínez, Rafael,
Relator term autor
700 1# - ADDED ENTRY--PERSONAL NAME
Personal name Cruz González, Irene,
Relator term autor
700 1# - ADDED ENTRY--PERSONAL NAME
Personal name Nosnik, Abraham,
Relator term autor
700 1# - ADDED ENTRY--PERSONAL NAME
Personal name Recillas, Elsa,
Relator term autor
700 1# - ADDED ENTRY--PERSONAL NAME
Personal name Chamizo, José antonio,
Relator term autor
700 1# - ADDED ENTRY--PERSONAL NAME
Personal name Rojo, Ariel,
Relator term autor
700 1# - ADDED ENTRY--PERSONAL NAME
Personal name Régules, Sergio de ,
Relator term autor
942 ## - ADDED ENTRY ELEMENTS (KOHA)
Source of classification or shelving scheme Biblioteca del Cogreso de los Estados Unidos
Koha item type Libro
Holdings
Estado de pérdida Fuente de clasificación Estado del daño No para préstamo Ubicación permanente Ubicación actual Apartado o colección Fecha de adquisición Edición Enumeración de Serie / Cronológica Área del conocimiento Total Checkouts Clasificación Código de Barras Date last seen Número de copia Costo por reposición Tipo de recurso
  Biblioteca del Cogreso de los Estados Unidos     Biblioteca de la Preparatoria Isaac Arriaga Biblioteca de la Preparatoria Isaac Arriaga Consulta 17/08/2023 2a ed. V.2 Educación y Humanidades   PN137 V53 2002 PIA000008236 17/08/2023 1 1.00 Libro
  Biblioteca del Cogreso de los Estados Unidos     Biblioteca de la Preparatoria Isaac Arriaga Biblioteca de la Preparatoria Isaac Arriaga Consulta 31/08/2023 2a ed. V.4 Educación y Humanidades   PN137 V53 2002 PIA000008246 31/08/2023 1 1.00 Libro
  Biblioteca del Cogreso de los Estados Unidos     Biblioteca de la Preparatoria Isaac Arriaga Biblioteca de la Preparatoria Isaac Arriaga Consulta 31/08/2023 2a ed. V.10 Educación y Humanidades   PN137 V53 2002 PIA000008247 31/08/2023 1 1.00 Libro
  Biblioteca del Cogreso de los Estados Unidos     Biblioteca de la Preparatoria Isaac Arriaga Biblioteca de la Preparatoria Isaac Arriaga Consulta 31/08/2023 2a ed. V.8 Educación y Humanidades   PN137 V53 2002 PIA000008248 31/08/2023 1 1.00 Libro
  Biblioteca del Cogreso de los Estados Unidos     Biblioteca de la Preparatoria Isaac Arriaga Biblioteca de la Preparatoria Isaac Arriaga Consulta 31/08/2023 2a ed. V.6 Educación y Humanidades   PN137 V53 2002 PIA000008249 31/08/2023 1 1.00 Libro